| 000 | 00957nam a22002537a 4500 | ||
|---|---|---|---|
| 005 | 20100809155112.0 | ||
| 010 | _aENG-99063 | ||
| 020 |
_a9789380502281 _c580.00 |
||
| 035 | _aEN-82595 | ||
| 037 | _bDBAD/PUB | ||
| 082 | _a520.95422 | ||
| 100 |
_aSachdeva, G. S. _99560 |
||
| 245 |
_aOuter space : _bsecurity and legal challenges / _cby G. S. Sachdeva |
||
| 260 |
_aNew Delhi _bKW Publishers _c2010 |
||
| 270 |
_a4676/21, First Floor, Ansari Road, Daryaganj _bNew Delhi _e110002 |
||
| 300 |
_axvi,241p. _c23cm (Hb) |
||
| 500 | _aIncludes index | ||
| 650 |
_aOuter space-civilian use-economic aspects _zIndia _99561 |
||
| 650 |
_aSpace law _zIndia _99562 |
||
| 650 |
_aNational security _zIndia _99563 |
||
| 650 |
_aAstronautics, military _zIndia _99564 |
||
| 942 |
_2ddc _cEN _h520.95422 _mSAC |
||
| 999 |
_c40432 _d40432 |
||